00522 2200217 4500001002100000005001500021035002000036007000300056008004100059020002200100082001000122084001600132100001900148245003400167250001000201260003800211300002500249650001000274990000900284990001100293INLIS00000000000070220171016103619 a0010-1017000256ta171016 f 0 ind  a978-979-119-320-7 a291.5 a291.5 AMI o0 aAmini, Ibrahim1 aOur Religion /cIbrahim Amini aCet.1 aJakarta Selatan :bAl Huda,c2007 a225hlm ;c16 x 24 cm aWahyu a2521 a2521 a